[Event "Liga Vasca 2010 - Division de Honor"]
[Site "Euskadi ESP"]
[Date "2010.01.16"]
[Round "2.22"]
[White "Fernandez Lopategi, Jon Andoni"]
[Black "Ruiz Gomez, Alejandro"]
[Result "0-1"]
[WhiteElo "2066"]
[BlackElo "2357"]
[PlyCount "60"]
[EventDate "2010.01.09"]
[EventType "team"]
[EventRounds "9"]
[EventCountry "ESP"]
[Source "lmi"]
[SourceDate "2010.01.09"]

1. Nf3 Nf6 2. c4 a6 3. Nc3 c5 4. g3 d5 5. cxd5 Nxd5 6. Bg2 Nc6 7. O-O Nc7 8. d3
e5 9. Ne1 Be7 10. Nc2 O-O 11. b3 Nd4 12. Bb2 Rb8 13. e3 Nde6 14. Ne2 Bf6 15. d4
exd4 16. exd4 Nb5 17. Rc1 Qa5 18. a4 Nbxd4 19. Ncxd4 cxd4 20. Qd3 Rd8 21. Rfd1
g6 22. Qc4 b5 23. axb5 Qxb5 24. Rd3 Qxc4 25. Rxc4 a5 26. Rc6 a4 27. Ba3 Bd7 28.
Rd6 Bb5 29. Rxd8+ Bxd8 30. Bd6 Bxd3 0-1

[Event "Liga Vasca 2010 - Division de Honor"]
[Site "Euskadi ESP"]
[Date "2010.01.16"]
[Round "2.23"]
[White "Limeres Guiance, Cristobal"]
[Black "Carasa del Portillo, Mikel"]
[Result "1-0"]
[WhiteElo "2250"]
[BlackElo "2043"]
[PlyCount "63"]
[EventDate "2010.01.09"]
[EventType "team"]
[EventRounds "9"]
[EventCountry "ESP"]
[Source "lmi"]
[SourceDate "2010.01.09"]

1. g3 c5 2. Bg2 g6 3. c3 Bg7 4. d4 cxd4 5. cxd4 d5 6. Nc3 Nf6 7. Qb3 e6 8. Nf3
Nc6 9. O-O O-O 10. Rd1 b6 11. Bf4 Nh5 12. Bg5 Qd6 13. Nb5 Qb4 14. Qxb4 Nxb4 15.
Be7 Nc6 16. Bxf8 Kxf8 17. Rac1 Bd7 18. Nc3 Nf6 19. e3 Ke7 20. Bf1 Ne8 21. Bb5
Na5 22. b3 Nd6 23. Bxd7 Kxd7 24. Ne5+ Bxe5 25. dxe5 Nf5 26. e4 Ne7 27. exd5
exd5 28. Nxd5 Nxd5 29. Rxd5+ Ke6 30. Rdd1 Kxe5 31. Rc7 Ke6 32. b4 1-0

[Event "Liga Vasca 2010 - Division de Honor"]
[Site "Euskadi ESP"]
[Date "2010.01.16"]
[Round "2.24"]
[White "Urbieta Gabancho, Koldo"]
[Black "Gete Rodriguez, Isidro"]
[Result "0-1"]
[WhiteElo "1983"]
[BlackElo "2132"]
[PlyCount "115"]
[EventDate "2010.01.09"]
[EventType "team"]
[EventRounds "9"]
[EventCountry "ESP"]
[Source "lmi"]
[SourceDate "2010.01.09"]

1. Nf3 d5 2. c4 c6 3. b3 Nf6 4. Bb2 Bf5 5. g3 e6 6. Bg2 Be7 7. O-O h6 8. d3 O-O
9. Nbd2 Nbd7 10. Qc2 Rc8 11. a3 b5 12. Nd4 Bg6 13. cxb5 cxb5 14. Nc6 Bd6 15.
Rac1 Qb6 16. Bd4 Qa6 17. b4 Kh8 18. Nb3 Ne5 19. Bxe5 Bxe5 20. Nba5 Rc7 21. Qd2
Bd6 22. Nd4 Rfc8 23. Rxc7 Rxc7 24. Rc1 Qb6 25. Rxc7 Bxc7 26. Qc3 Be5 27. Nac6
Bd6 28. Nb3 Ng4 29. d4 Qc7 30. Nba5 Nf6 31. Qb3 h5 32. a4 a6 33. axb5 axb5 34.
Bf1 Ne4 35. Qb2 h4 36. e3 hxg3 37. hxg3 Bxg3 38. fxg3 Qxg3+ 39. Qg2 Qxe3+ 40.
Kh2 Qf4+ 41. Kg1 Qe3+ 42. Kh2 Ng5 43. Ne5 Bh5 44. Qg3 Qd2+ 45. Qg2 Qf4+ 46. Qg3
Qxf1 47. Qxg5 Qe2+ 48. Qg2 Qd1 49. Qh3 Kg8 50. Nac6 Qd2+ 51. Kg3 Qe1+ 52. Kh2
Qf2+ 53. Qg2 Qf4+ 54. Qg3 Qh6 55. Kg2 f6 56. Nd3 Qd2+ 57. Nf2 Be2 58. Qg6 0-1

[Event "Liga Vasca 2010 - Division de Honor"]
[Site "Euskadi ESP"]
[Date "2010.01.16"]
[Round "2.31"]
[White "Astasio Lopez, David"]
[Black "Navarro Cia, Miguel"]
[Result "1/2-1/2"]
[WhiteElo "2303"]
[BlackElo "2329"]
[PlyCount "85"]
[EventDate "2010.01.09"]
[EventType "team"]
[EventRounds "9"]
[EventCountry "ESP"]
[Source "lmi"]
[SourceDate "2010.01.09"]

1. d4 Nf6 2. Nf3 d5 3. Nbd2 e6 4. e3 c5 5. c3 Nc6 6. Bd3 Qc7 7. O-O Bd6 8. Qe2
h6 9. e4 cxd4 10. cxd4 dxe4 11. Nxe4 Nxe4 12. Qxe4 Bd7 13. d5 Ne7 14. dxe6 Bxe6
15. Bb5+ Bd7 16. Bxd7+ Qxd7 17. Be3 O-O 18. Rfd1 Qc7 19. Rac1 Nc6 20. Qg4 f5
21. Qh5 Bf4 22. Re1 Bxe3 23. Rxe3 Qf7 24. Qxf7+ Kxf7 25. Ne5+ Nxe5 26. Rxe5 Kf6
27. Rce1 g6 28. h4 Rad8 29. Re7 Rf7 30. R1e6+ Kg7 31. h5 gxh5 32. Rxf7+ Kxf7
33. Rxh6 Rd1+ 34. Kh2 Rd2 35. Rh7+ Kg6 36. Rxb7 Rxf2 37. a4 a5 38. Rb5 h4 39.
Rxa5 Rxb2 40. Ra8 Ra2 41. a5 Kg5 42. a6 Kf4 43. Rh8 1/2-1/2

[Event "Liga Vasca 2010 - Division de Honor"]
[Site "Euskadi ESP"]
[Date "2010.01.16"]
[Round "2.32"]
[White "Montoya Irigoyen, Iñigo"]
[Black "Perez de Miguel, Alvaro"]
[Result "1/2-1/2"]
[WhiteElo "2083"]
[BlackElo "2193"]
[PlyCount "171"]
[EventDate "2010.01.09"]
[EventType "team"]
[EventRounds "9"]
[EventCountry "ESP"]
[Source "lmi"]
[SourceDate "2010.01.09"]

1. c4 c6 2. Nc3 d5 3. d4 Nf6 4. g3 Bf5 5. Bg2 e6 6. Nf3 Bd6 7. O-O h6 8. b3
Nbd7 9. Bb2 O-O 10. Nd2 Qb8 11. e4 dxe4 12. Ndxe4 Be7 13. Re1 Nxe4 14. Nxe4
Bxe4 15. Bxe4 Bf6 16. Qf3 Rd8 17. Rad1 Nb6 18. Bc2 Rd7 19. Bc1 Qd8 20. Qe4 g6
21. Be3 Bg7 22. h4 h5 23. Rd2 e5 24. Red1 f5 25. Qf3 exd4 26. Bg5 Qf8 27. Re2
Re8 28. Rde1 Rxe2 29. Qxe2 Qf7 30. a4 Kh7 31. a5 Nc8 32. c5 a6 33. Bd3 Bf6 34.
Bc4 Qe7 35. Bxf6 Qxf6 36. Qe8 Rd8 37. Qe2 Kg7 38. Qf3 Qf8 39. Qf4 Rd7 40. Be6
Re7 41. Qxd4+ Qf6 42. Qc4 Na7 43. Re2 Nb5 44. Bc8 Qf8 45. Rxe7+ Qxe7 46. Be6
Kf6 47. Bg8 Qe1+ 48. Kg2 Qe4+ 49. f3 Qe8 50. Kf2 Kg7 51. Be6 Kf6 52. Bg8 Qd7
53. Qe2 Nc3 54. Qb2 Qd4+ 55. Kg2 Qxc5 56. Bc4 Qd4 57. f4 c5 58. Qf2 Qxf2+ 59.
Kxf2 Ne4+ 60. Ke3 Nd6 61. Bd5 Ke7 62. Kd3 Kd7 63. Bg8 Nc8 64. Kc4 Kd6 65. Bf7
Ne7 66. Be8 Nc6 67. Bxg6 Nxa5+ 68. Kc3 Ke6 69. Bxh5 Nc6 70. Bf3 Nd8 71. Kc4 Kd6
72. Kc3 b5 73. h5 Nf7 74. Bb7 a5 75. Bc8 Nh6 76. Bxf5 Nxf5 77. g4 Nh4 78. h6
Ke7 79. h7 Ng6 80. f5 Nh8 81. g5 Kf7 82. g6+ Kf6 83. Kd3 a4 84. bxa4 bxa4 85.
Kc4 Kg7 86. Kc3 1/2-1/2

[Event "Liga Vasca 2010 - Division de Honor"]
[Site "Euskadi ESP"]
[Date "2010.01.16"]
[Round "2.33"]
[White "Villalta Bustillo, Igor"]
[Black "Garjon Modrego, Miguel"]
[Result "1/2-1/2"]
[WhiteElo "2157"]
[BlackElo "1901"]
[PlyCount "117"]
[EventDate "2010.01.09"]
[EventType "team"]
[EventRounds "9"]
[EventCountry "ESP"]
[Source "lmi"]
[SourceDate "2010.01.09"]

1. d4 d5 2. Nf3 Nf6 3. e3 Bg4 4. c4 c6 5. Nbd2 e6 6. h3 Bh5 7. g4 Bg6 8. Ne5
Nbd7 9. cxd5 Nxe5 10. dxe5 Nxd5 11. e4 Nb6 12. Qe2 Be7 13. Bg2 Qd4 14. f4 Bh4+
15. Kf1 f5 16. Nf3 Qd8 17. Nxh4 Qxh4 18. exf5 exf5 19. g5 h6 20. Qf2 Qxf2+ 21.
Kxf2 O-O-O 22. h4 Bf7 23. Be3 Nc4 24. b3 Nxe3 25. Kxe3 hxg5 26. hxg5 g6 27. Rh6
Rxh6 28. gxh6 Rh8 29. Rh1 Kc7 30. h7 Kd7 31. Bf1 Ke7 32. Kd4 Rd8+ 33. Ke3 Rh8
34. Rh2 Kf8 35. Bc4 Bxc4 36. bxc4 Kg7 37. Kd4 b6 38. e6 Kf6 39. e7 Kxe7 40. Ke5
c5 41. Rh3 Kf7 42. Ra3 Rxh7 43. Rxa7+ Kg8 44. Ra6 Rf7 45. Rxb6 Kg7 46. Kd6 g5
47. fxg5 f4 48. Kxc5 f3 49. Rb1 Kg6 50. Kb6 Rf8 51. Rf1 Kxg5 52. c5 Kf4 53. c6
Rb8+ 54. Ka7 Rb2 55. Rh1 f2 56. c7 Rc2 57. Kb7 Rb2+ 58. Kc6 Rc2+ 59. Kb7
1/2-1/2

[Event "Liga Vasca 2010 - Division de Honor"]
[Site "Euskadi ESP"]
[Date "2010.01.16"]
[Round "2.34"]
[White "Moral Barragan, Diego"]
[Black "Gutierrez Bustillo, Diego"]
[Result "1-0"]
[WhiteElo "1762"]
[BlackElo "2020"]
[PlyCount "141"]
[EventDate "2010.01.09"]
[EventType "team"]
[EventRounds "9"]
[EventCountry "ESP"]
[Source "lmi"]
[SourceDate "2010.01.09"]

1. d4 Nf6 2. Nf3 g6 3. Bf4 Bg7 4. e3 d6 5. Nbd2 O-O 6. Bc4 c5 7. c3 d5 8. Bd3
c4 9. Bc2 Nc6 10. O-O Nh5 11. Bg5 h6 12. Bh4 f5 13. Ba4 Bd7 14. Bxc6 Bxc6 15.
Ne5 Be8 16. f4 Bf6 17. Ndf3 Qa5 18. Be1 g5 19. b4 Qa3 20. g3 g4 21. Nh4 Bxh4
22. gxh4 a5 23. bxa5 Rxa5 24. Rf2 Nf6 25. Qc2 Ne4 26. Rg2 Kh7 27. h3 gxh3 28.
Rh2 Rg8+ 29. Kf1 Ba4 30. Qc1 Bb3 31. Rxh3 Qxc1 32. Rxc1 Rxa2 33. h5 Rag2 34.
Ng6 Rg4 35. Ra1 e6 36. Ra7 Nd6 37. Rg3 Rxg3 38. Bxg3 Bd1 39. Be1 Bxh5 40. Ne5
Rg7 41. Ra8 Be8 42. Rd8 Bd7 43. Rxd7 Rxd7 44. Nxd7 Kg7 45. Kg2 b5 46. Nc5 Kf6
47. Kh3 Ne4 48. Nxe4+ dxe4 49. Bh4+ Kg6 50. Be7 Kf7 51. Bb4 Kg6 52. Kh4 h5 53.
Bc5 Kh6 54. Be7 Kg6 55. Kg3 Kf7 56. Bd6 Kg6 57. Kf2 Kf7 58. Ba3 Kg6 59. Kg2 Kf7
60. Bc1 Kg6 61. Bd2 Kf7 62. Be1 Ke8 63. Kf1 Kd7 64. Ke2 Kd8 65. Kd1 Kc7 66. Kc2
Kb6 67. Kb2 Ka6 68. Ka3 Ka5 69. Bh4 Kb6 70. Kb4 Ka6 71. Bd8 1-0

[Event "Liga Vasca 2010 - Division de Honor"]
[Site "Euskadi ESP"]
[Date "2010.01.16"]
[Round "2.41"]
[White "Garbisu de Goñi, Unai"]
[Black "Edouard, Romain"]
[Result "1/2-1/2"]
[WhiteElo "2458"]
[BlackElo "2608"]
[PlyCount "76"]
[EventDate "2010.01.09"]
[EventType "team"]
[EventRounds "9"]
[EventCountry "ESP"]
[Source "lmi"]
[SourceDate "2010.01.09"]

1. e4 c5 2. Nf3 d6 3. d4 cxd4 4. Nxd4 Nf6 5. Nc3 Nc6 6. f3 e5 7. Nb3 Be7 8. Be3
Be6 9. Qe2 O-O 10. O-O-O Na5 11. Qb5 Nxb3+ 12. axb3 Qc7 13. g4 Rfc8 14. g5 Nd7
15. h4 a6 16. Qe2 b5 17. Kb1 Rab8 18. Bh3 b4 19. Nd5 Bxd5 20. Rxd5 Rd8 21. Qxa6
Ra8 22. Qb5 Nc5 23. Bxc5 dxc5 24. Rhd1 Rdb8 25. Rd7 Rxb5 26. Rxc7 Rba5 27. Rc8+
Rxc8 28. Bxc8 Ra8 29. Bb7 Rd8 30. Bd5 g6 31. c3 Kg7 32. Kc2 f6 33. Ra1 Rd7 34.
Rg1 fxg5 35. hxg5 Rd8 36. Kd3 Rf8 37. Ke2 Rd8 38. Kd3 Rf8 1/2-1/2

[Event "Liga Vasca 2010 - Division de Honor"]
[Site "Euskadi ESP"]
[Date "2010.01.16"]
[Round "2.42"]
[White "Del Rio Angelis, Salvador Gabriel"]
[Black "Mindeguia Guruceaga, Juan Jesus"]
[Result "1-0"]
[WhiteElo "2544"]
[BlackElo "2184"]
[PlyCount "49"]
[EventDate "2010.01.09"]
[EventType "team"]
[EventRounds "9"]
[EventCountry "ESP"]
[Source "lmi"]
[SourceDate "2010.01.09"]

1. d4 d5 2. c4 e6 3. Nc3 c5 4. cxd5 exd5 5. Nf3 Nc6 6. g3 Nf6 7. Bg2 Be7 8. O-O
O-O 9. dxc5 Bxc5 10. Bg5 d4 11. Ne4 Be7 12. Nxf6+ Bxf6 13. Bxf6 Qxf6 14. b4 a6
15. a4 Rd8 16. b5 axb5 17. axb5 Rxa1 18. Qxa1 Ne5 19. Nxe5 Qxe5 20. Rc1 Bg4 21.
e3 Qxb5 22. exd4 h6 23. d5 Qd3 24. Qa5 Rd7 25. Qa4 1-0

[Event "Liga Vasca 2010 - Division de Honor"]
[Site "Euskadi ESP"]
[Date "2010.01.16"]
[Round "2.43"]
[White "Arcos Garcia, Manuel"]
[Black "Riff, Jean Noel"]
[Result "0-1"]
[WhiteElo "1428"]
[BlackElo "2515"]
[PlyCount "80"]
[EventDate "2010.01.09"]
[EventType "team"]
[EventRounds "9"]
[EventCountry "ESP"]
[Source "lmi"]
[SourceDate "2010.01.09"]

1. d4 Nf6 2. c4 e6 3. Nc3 Bb4 4. Bg5 h6 5. Bxf6 Qxf6 6. e3 c5 7. a3 cxd4 8.
Qxd4 Bxc3+ 9. Qxc3 Qxc3+ 10. bxc3 b6 11. Bd3 Bb7 12. e4 Na6 13. f3 Nc5 14. Bc2
Ba6 15. Ne2 Bxc4 16. O-O Bxe2 17. Rf2 Bd3 18. Bd1 Rc8 19. a4 Ke7 20. Rc1 Bc4
21. Ra1 Bb3 22. Rd2 Bxd1 23. Rdxd1 Rc6 24. Kf2 Rhc8 25. Ra3 Nb7 26. Rd3 Rc4 27.
Ke3 Nc5 28. Rd4 Rxd4 29. cxd4 Na6 30. Kd2 Rc4 31. Kd3 d5 32. Ke3 Nb4 33. Kf2
Rxd4 34. exd5 Nxd5 35. a5 b5 36. Ke2 Ra4 37. Rxa4 bxa4 38. Kd1 a3 39. Kc1 Nb4
40. Kb1 Kd6 0-1

[Event "Liga Vasca 2010 - Division de Honor"]
[Site "Euskadi ESP"]
[Date "2010.01.16"]
[Round "2.51"]
[White "Alonso Arburu, Juan Ignacio"]
[Black "Miguel Quintero, Francisco"]
[Result "1-0"]
[WhiteElo "2372"]
[BlackElo "2258"]
[PlyCount "91"]
[EventDate "2010.01.09"]
[EventType "team"]
[EventRounds "9"]
[EventCountry "ESP"]
[Source "lmi"]
[SourceDate "2010.01.09"]

1. d4 g6 2. c4 Bg7 3. Nc3 d6 4. e4 Nf6 5. Nf3 O-O 6. Be2 Bg4 7. h3 Bxf3 8. Bxf3
Nfd7 9. O-O Nc6 10. Ne2 e5 11. d5 Nd4 12. Nxd4 exd4 13. g3 a5 14. b3 c5 15.
dxc6 bxc6 16. Bf4 Ne5 17. Bg2 a4 18. Bd2 axb3 19. axb3 Rxa1 20. Qxa1 Qb6 21.
Qa3 c5 22. f4 Nd3 23. Ba5 Qb8 24. Qa4 Bf6 25. Rb1 Nb4 26. Qb5 Qa7 27. Bxb4 cxb4
28. Qxb4 d3+ 29. Kh2 Qe3 30. Rd1 Ra8 31. Qd2 Qb6 32. Qxd3 Ra2 33. Rd2 Ra1 34.
h4 Be7 35. Qd4 Qa5 36. Re2 Rb1 37. e5 Qc7 38. exd6 Bxd6 39. Qd3 Ra1 40. Qc3 Qa5
41. Re8+ Bf8 42. b4 Qa7 43. c5 Ra2 44. Qc4 Qa3 45. c6 Qb2 46. Qxa2 1-0

[Event "Liga Vasca 2010 - Division de Honor"]
[Site "Euskadi ESP"]
[Date "2010.01.16"]
[Round "2.52"]
[White "Miguel Quintero, Antonio"]
[Black "Cruz-Lopez Claret, Carlos"]
[Result "1/2-1/2"]
[WhiteElo "2181"]
[BlackElo "2318"]
[PlyCount "34"]
[EventDate "2010.01.09"]
[EventType "team"]
[EventRounds "9"]
[EventCountry "ESP"]
[Source "lmi"]
[SourceDate "2010.01.09"]

1. e4 e5 2. Nf3 Nc6 3. Nc3 Nf6 4. d4 exd4 5. Nxd4 Bb4 6. Nxc6 bxc6 7. Bd3 d6 8.
a3 Bxc3+ 9. bxc3 Ng4 10. h3 Ne5 11. O-O Qh4 12. f4 Nxd3 13. cxd3 Bxh3 14. gxh3
Qg3+ 15. Kh1 Qxh3+ 16. Kg1 Qg3+ 17. Kh1 Qh3+ 1/2-1/2

[Event "Liga Vasca 2010 - Division de Honor"]
[Site "Euskadi ESP"]
[Date "2010.01.16"]
[Round "2.53"]
[White "Serras Uria, Antonio"]
[Black "Alcaide Luque, Aitor"]
[Result "1/2-1/2"]
[WhiteElo "2206"]
[BlackElo "2144"]
[PlyCount "135"]
[EventDate "2010.01.09"]
[EventType "team"]
[EventRounds "9"]
[EventCountry "ESP"]
[Source "lmi"]
[SourceDate "2010.01.09"]

1. Nf3 e6 2. g3 d5 3. Bg2 Nf6 4. O-O c5 5. c4 Nc6 6. cxd5 exd5 7. d4 Be7 8. Nc3
O-O 9. h3 c4 10. Ne5 Bb4 11. Bg5 Bxc3 12. bxc3 h6 13. Bxf6 Qxf6 14. f4 Bf5 15.
g4 Be4 16. Bxe4 dxe4 17. Nxc4 Qh4 18. Kh2 f5 19. Qe1 Qf6 20. Qg3 Rac8 21. Ne3
Ne7 22. Rac1 Qa6 23. Rc2 Qa3 24. Nxf5 Nxf5 25. gxf5 Rxf5 26. Rg1 Qf8 27. e3 b5
28. Qg6 Kh8 29. Qe6 Re8 30. Qa6 Qf7 31. Rcg2 Re6 32. Qa5 g6 33. Qb4 Kh7 34. Qb3
a6 35. c4 Qd7 36. Rc2 Rh5 37. Rg3 g5 38. cxb5 gxf4 39. exf4 Rxb5 40. Qc4 Rd5
41. Rcg2 Red6 42. Qb3 h5 43. Rg8 Qf7 44. Qg3 Rd7 45. Rg6 Rf5 46. Rxa6 Rxd4 47.
Rg6 Rd7 48. Qe3 Qxg6 49. Rxg6 Kxg6 50. Qxe4 Rdd5 51. Kg3 Kf7 52. Qc4 Ke7 53.
Kf3 Ra5 54. Ke4 Rfc5 55. Qd4 Rcb5 56. a4 Rf5 57. Qb4+ Kf7 58. Qd6 Rfc5 59. Qd7+
Kf6 60. Qd4+ Kf7 61. h4 Rc7 62. f5 Rca7 63. Qd6 Rxa4+ 64. Kd3 Ra3+ 65. Kc2 Ra2+
66. Kd3 R2a3+ 67. Ke2 R7a6 68. Qe5 1/2-1/2

[Event "Liga Vasca 2010 - Division de Honor"]
[Site "Euskadi ESP"]
[Date "2010.01.16"]
[Round "2.54"]
[White "Alcaide Rodriguez, Mikel"]
[Black "Alonso Arburu, Jose Maria"]
[Result "0-1"]
[WhiteElo "1794"]
[BlackElo "2101"]
[PlyCount "93"]
[EventDate "2010.01.09"]
[EventType "team"]
[EventRounds "9"]
[EventCountry "ESP"]
[Source "lmi"]
[SourceDate "2010.01.09"]

1. d4 Nf6 2. Nf3 e6 3. Bg5 c5 4. e3 cxd4 5. exd4 Be7 6. c3 h6 7. Bh4 b6 8. Bd3
Bb7 9. Nbd2 O-O 10. O-O Nc6 11. Qe2 Rc8 12. Bxf6 Bxf6 13. Ne4 Be7 14. Ne5 Qc7
15. Nxc6 Qxc6 16. f3 d6 17. Nf2 Qc7 18. Be4 Rfe8 19. Bxb7 Qxb7 20. Qe4 Qd7 21.
f4 b5 22. Rac1 a5 23. Nd3 Rc4 24. b3 Rc7 25. Nb2 d5 26. Qd3 Rec8 27. Rc2 Ba3
28. Nd1 Bd6 29. g3 Qc6 30. Ne3 g6 31. Rfc1 Bf8 32. c4 dxc4 33. bxc4 bxc4 34.
Rxc4 Qa6 35. Qb3 Rxc4 36. Rxc4 Rd8 37. Nc2 Bg7 38. Qa4 Qa7 39. Kf1 Rb8 40. Qc6
Rb1+ 41. Ke2 Rb2 42. Qa4 Qb7 43. Rc6 Rxa2 44. Qc4 Qb1 45. Rc5 Rb2 46. d5 exd5
47. Qxd5 0-1

[Event "Liga Vasca 2010 - Division de Honor"]
[Site "Euskadi ESP"]
[Date "2010.01.23"]
[Round "3.11"]
[White "Miguel Quintero, Francisco"]
[Black "Franco Alonso, Alejandro"]
[Result "1/2-1/2"]
[WhiteElo "2258"]
[BlackElo "2472"]
[PlyCount "42"]
[EventDate "2010.01.09"]
[EventType "team"]
[EventRounds "9"]
[EventCountry "ESP"]
[Source "lmi"]
[SourceDate "2010.01.09"]

1. Nf3 c5 2. c4 Nc6 3. d4 cxd4 4. Nxd4 Nf6 5. Nc3 g6 6. e4 d6 7. Be2 Bg7 8. Be3
O-O 9. O-O Bd7 10. Rc1 Nxd4 11. Bxd4 Bc6 12. f3 Nd7 13. Be3 a5 14. Qc2 Nc5 15.
Rfd1 Qb6 16. Rb1 Rfc8 17. b3 Qa7 18. Nd5 Bxd5 19. Rxd5 Qb6 20. f4 Qb4 21. Bd2
Qb6 1/2-1/2

[Event "Liga Vasca 2010 - Division de Honor"]
[Site "Euskadi ESP"]
[Date "2010.01.23"]
[Round "3.12"]
[White "Huerga Leache, Mikel"]
[Black "Miguel Quintero, Antonio"]
[Result "1/2-1/2"]
[WhiteElo "2435"]
[BlackElo "2181"]
[PlyCount "96"]
[EventDate "2010.01.09"]
[EventType "team"]
[EventRounds "9"]
[EventCountry "ESP"]
[Source "lmi"]
[SourceDate "2010.01.09"]

1. d4 g6 2. e4 Bg7 3. Nf3 d6 4. Bc4 Nf6 5. Qe2 O-O 6. e5 dxe5 7. dxe5 Nd5 8. h3
c6 9. O-O Qc7 10. Re1 e6 11. Nbd2 b5 12. Bb3 a5 13. a4 b4 14. Qe4 Nd7 15. Nc4
Ba6 16. Bd2 Bxc4 17. Bxc4 N7b6 18. Bd3 c5 19. Qh4 Ne7 20. Bh6 Rfe8 21. Bxg7
Kxg7 22. Bb5 Red8 23. Rad1 Nbd5 24. Qe4 h6 25. g4 Rh8 26. Rd3 Rad8 27. Red1 Nb6
28. Kg2 c4 29. Rd4 Rxd4 30. Rxd4 Rd8 31. Rxd8 Qxd8 32. Qb7 c3 33. b3 Nbd5 34.
Kg3 g5 35. h4 gxh4+ 36. Nxh4 Ng6 37. Nxg6 Kxg6 38. f4 Qc7 39. Qxc7 Nxc7 40. Bc4
f6 41. Bd3+ Kf7 42. Kf3 fxe5 43. fxe5 Ke7 44. Ke4 Kd7 45. Kd4 Kc6 46. Bg6 Na6
47. Be8+ Kb6 48. Bd7 Nc5 1/2-1/2

[Event "Liga Vasca 2010 - Division de Honor"]
[Site "Euskadi ESP"]
[Date "2010.01.23"]
[Round "3.13"]
[White "Alcaide Luque, Aitor"]
[Black "Gonzalez de la Torre, Santiago"]
[Result "1-0"]
[WhiteElo "2144"]
[BlackElo "2405"]
[PlyCount "63"]
[EventDate "2010.01.09"]
[EventType "team"]
[EventRounds "9"]
[EventCountry "ESP"]
[Source "lmi"]
[SourceDate "2010.01.09"]

1. d4 d5 2. c4 c6 3. Nf3 Nf6 4. e3 Bf5 5. Be2 e6 6. O-O h6 7. b3 Nbd7 8. Bb2
Be7 9. Nbd2 O-O 10. Ne5 Nxe5 11. dxe5 Nd7 12. Rc1 Bc5 13. Nf3 Qe7 14. Bd3 Bxd3
15. Qxd3 Ba3 16. Qe2 Rfd8 17. Rfd1 Bxb2 18. Qxb2 dxc4 19. bxc4 Nc5 20. Nd4 Qc7
21. f4 Qa5 22. f5 exf5 23. Qf2 g6 24. Qh4 Re8 25. Qxh6 Ne6 26. Nf3 Rad8 27. h4
Rxd1+ 28. Rxd1 Rd8 29. Rb1 Rd7 30. h5 gxh5 31. Ng5 Qxe5 32. Nh7 1-0

[Event "Liga Vasca 2010 - Division de Honor"]
[Site "Euskadi ESP"]
[Date "2010.01.23"]
[Round "3.14"]
[White "Argandoña Rivero, Iñigo"]
[Black "Alcaide Rodriguez, Mikel"]
[Result "1-0"]
[WhiteElo "2382"]
[BlackElo "1794"]
[PlyCount "35"]
[EventDate "2010.01.09"]
[EventType "team"]
[EventRounds "9"]
[EventCountry "ESP"]
[Source "lmi"]
[SourceDate "2010.01.09"]

1. Nf3 d5 2. d4 Nf6 3. c4 e6 4. g3 Be7 5. Bg2 c6 6. O-O O-O 7. Qc2 Nbd7 8. Rd1
b6 9. b3 Bb7 10. Nc3 Re8 11. Bb2 Nf8 12. Ne5 Ng6 13. e4 Rc8 14. Rac1 dxe4 15.
Nxe4 Qc7 16. Ng5 Rf8 17. Bh3 Kh8 18. Nexf7+ 1-0

[Event "Liga Vasca 2010 - Division de Honor"]
[Site "Euskadi ESP"]
[Date "2010.01.23"]
[Round "3.31"]
[White "Montoya Irigoyen, Iñigo"]
[Black "Garbisu de Goñi, Unai"]
[Result "0-1"]
[WhiteElo "2083"]
[BlackElo "2458"]
[PlyCount "90"]
[EventDate "2010.01.09"]
[EventType "team"]
[EventRounds "9"]
[EventCountry "ESP"]
[Source "lmi"]
[SourceDate "2010.01.09"]

1. c4 f5 2. g3 Nf6 3. Bg2 g6 4. Nc3 Bg7 5. Nf3 d6 6. O-O O-O 7. d3 Nc6 8. Rb1
h6 9. b4 e6 10. b5 Ne7 11. Qb3 g5 12. Bb2 Kh8 13. Rfd1 Ng6 14. Qb4 e5 15. Nd5
f4 16. Nxf6 Qxf6 17. Rf1 Bg4 18. Rbe1 h5 19. Nd2 Rab8 20. Ne4 Qe7 21. a4 h4 22.
h3 Bxe2 23. Rxe2 f3 24. Ree1 fxg2 25. Kxg2 Rf5 26. Bc1 Rbf8 27. Qd2 Bh6 28. Qe2
Qf7 29. Kg1 Kg7 30. Be3 Rf3 31. Bxg5 Qd7 32. Bxh6+ Kxh6 33. Qd2+ Kg7 34. Kg2
hxg3 35. fxg3 Nh4+ 36. Kh2 Rxf1 37. Rxf1 Rxf1 38. gxh4 Qf5 39. Qg5+ Kf7 40. Qg4
Rf4 41. Qg2 Rxh4 42. a5 Qf4+ 43. Kh1 Qe3 44. Qf2+ Qxf2 45. Nxf2 Rd4 0-1

[Event "Liga Vasca 2010 - Division de Honor"]
[Site "Euskadi ESP"]
[Date "2010.01.23"]
[Round "3.32"]
[White "Rada Equiza, Miguel"]
[Black "Lasa Garcia, Javier"]
[Result "1-0"]
[WhiteElo "2262"]
[BlackElo "1877"]
[PlyCount "39"]
[EventDate "2010.01.09"]
[EventType "team"]
[EventRounds "9"]
[EventCountry "ESP"]
[Source "lmi"]
[SourceDate "2010.01.09"]

1. e4 e5 2. Nf3 d6 3. d4 exd4 4. Nxd4 g6 5. Nc3 Bg7 6. Be3 Nf6 7. f3 Nc6 8. Qd2
a6 9. O-O-O O-O 10. g4 Ne5 11. g5 Ne8 12. f4 Nc6 13. h4 Na5 14. h5 c5 15. Nb3
Nxb3+ 16. cxb3 b5 17. hxg6 fxg6 18. Qd5+ Rf7 19. Qxa8 Rb7 20. Bh3 1-0

[Event "Liga Vasca 2010 - Division de Honor"]
[Site "Euskadi ESP"]
[Date "2010.01.23"]
[Round "3.33"]
[White "Garjon Modrego, Miguel"]
[Black "Rebole Arbea, Jose Ignacio"]
[Result "0-1"]
[WhiteElo "1901"]
[BlackElo "2236"]
[PlyCount "88"]
[EventDate "2010.01.09"]
[EventType "team"]
[EventRounds "9"]
[EventCountry "ESP"]
[Source "lmi"]
[SourceDate "2010.01.09"]

1. d4 c5 2. c3 d5 3. Nf3 Nc6 4. h3 e6 5. Bf4 Qb6 6. Qd2 Nf6 7. e3 cxd4 8. exd4
Ne4 9. Qc2 Bd7 10. Nbd2 Rc8 11. Qb3 Nxd2 12. Nxd2 Be7 13. Qxb6 axb6 14. Bd3 Na5
15. O-O O-O 16. Rac1 b5 17. Rfe1 b6 18. Bb1 b4 19. cxb4 Nc6 20. Nf3 Bxb4 21.
Red1 f6 22. a3 Be7 23. Bg3 Na5 24. Rc7 Rxc7 25. Bxc7 Nc4 26. b3 Nxa3 27. Bd3 b5
28. Bf4 Rc8 29. Rc1 Rxc1+ 30. Bxc1 b4 31. Bd2 Bb5 32. Ne1 Bxd3 33. Nxd3 Nc2 34.
Kf1 Nxd4 35. Bxb4 Bxb4 36. Nxb4 Nxb3 37. Ke2 Kf7 38. Kd3 Ke7 39. f4 Kd6 40. g4
e5 41. f5 Nc5+ 42. Ke3 d4+ 43. Ke2 e4 44. h4 Nb3 0-1

[Event "Liga Vasca 2010 - Division de Honor"]
[Site "Euskadi ESP"]
[Date "2010.01.23"]
[Round "3.34"]
[White "Urriza Iricibar, Pablo"]
[Black "Duran Fernandez, Emilio"]
[Result "1-0"]
[WhiteElo "1816"]
[BlackElo "1791"]
[PlyCount "61"]
[EventDate "2010.01.09"]
[EventType "team"]
[EventRounds "9"]
[EventCountry "ESP"]
[Source "lmi"]
[SourceDate "2010.01.09"]

1. c4 c5 2. g3 g6 3. Bg2 Bg7 4. e3 Nf6 5. Nc3 O-O 6. Nge2 Nc6 7. O-O d6 8. d4
e6 9. b3 Bd7 10. Bb2 a6 11. h3 Rb8 12. g4 Qc7 13. Ng3 h6 14. f4 cxd4 15. exd4
Nh7 16. Nce2 Rfd8 17. Qc2 Nb4 18. Qd2 a5 19. a3 Nc6 20. f5 exf5 21. gxf5 gxf5
22. Nxf5 Bxf5 23. Rxf5 Nf6 24. Raf1 Qe7 25. Bxc6 bxc6 26. d5 Ne4 27. Qc1 Bxb2
28. Qxb2 Qh4 29. Rxf7 Qg5+ 30. Kh1 Rxb3 31. Qxb3 1-0

[Event "Liga Vasca 2010 - Division de Honor"]
[Site "Euskadi ESP"]
[Date "2010.01.23"]
[Round "3.51"]
[White "Gallego Eraso, Francisco"]
[Black "Iruzubieta Villaluenga, Jesus M"]
[Result "1/2-1/2"]
[WhiteElo "2368"]
[BlackElo "2416"]
[PlyCount "32"]
[EventDate "2010.01.09"]
[EventType "team"]
[EventRounds "9"]
[EventCountry "ESP"]
[Source "lmi"]
[SourceDate "2010.01.09"]

1. d4 d5 2. c4 c6 3. Nf3 Nf6 4. g3 Bg4 5. Ne5 Bf5 6. Nc3 e6 7. Bg2 Nbd7 8. Qb3
Qb6 9. Nxd7 Nxd7 10. O-O Be7 11. e4 dxe4 12. Nxe4 O-O 13. Qxb6 axb6 14. b3 Nf6
15. Nc3 Rfd8 16. Bb2 Ba3 1/2-1/2